[Event "FICGS rapid silver 000138 email"]
[Site "FICGS email"]
[Date "2014.01.01"]
[Round "1"]
[White "Kokoryukin, Sergey"]
[Black "Sorcinelli, Andrea"]
[Result "0-1"]
[WhiteElo "2062"]
[BlackElo "2000"]
[PlyCount "66"]
[EventDate "2014.??.??"]
[EventType "match (rapid)"]
[EventRounds "2"]
[SourceTitle "Corr 2022"]
[Source "ChessBase"]
[SourceDate "2021.10.24"]
[SourceVersion "1"]
[SourceVersionDate "2021.10.24"]
[SourceQuality "1"]

1. e4 e5 2. Nf3 Nc6 3. Bb5 a6 4. Ba4 Nf6 5. 0-0 Be7 6. Re1 b5 7. Bb3 d6 8. c3 0-0 9. d4 Bg4 10. Be3 exd4 11. cxd4 d5 12. e5 Ne4 13. Nc3 Nxc3 14. bxc3 Na5 15. Bc2 Nc4 16. Qd3 g6 17. Bh6 Re8 18. h3 Be6 19. Qe2 c5 20. Bd3 Rc8 21. Bxc4 dxc4 22. Rad1 cxd4 23. Nxd4 Qb6 24. Be3 Bf8 25. Qf3 Qc7 26. Bg5 b4 27. cxb4 Bxb4 28. Re2 Qd7 29. Rc2 Bf8 30. Bf6 Qa4 31. Qe3 Bd7 32. Rdc1 Rc7 33. Kh2 Ba3 0-1

[Event "FICGS rapid silver 000138 email"]
[Site "FICGS email"]
[Date "2014.01.01"]
[Round "2"]
[White "Sorcinelli, Andrea"]
[Black "Kokoryukin, Sergey"]
[Result "1-0"]
[WhiteElo "2000"]
[BlackElo "2062"]
[PlyCount "43"]
[EventDate "2014.??.??"]
[EventType "match (rapid)"]
[EventRounds "2"]
[SourceTitle "Corr 2022"]
[Source "ChessBase"]
[SourceDate "2021.10.24"]
[SourceVersion "1"]
[SourceVersionDate "2021.10.24"]
[SourceQuality "1"]

1. e4 c5 2. Nf3 d6 3. d4 cxd4 4. Nxd4 Nf6 5. Nc3 a6 6. h3 e6 7. g4 h6 8. Bg2 Be7 9. Be3 Nc6 10. Qe2 Nxd4 11. Bxd4 e5 12. Be3 b5 13. a3 Rb8 14. f4 exf4 15. Bxf4 0-0 16. 0-0 Be6 17. Nd5 Bxd5 18. exd5 Nd7 19. Kh1 Nb6 20. b3 Bh4 21. Qd3 Qc7 22. Qd2 1-0

[Event "FICGS rapid silver 000130 email"]
[Site "FICGS email"]
[Date "2013.07.09"]
[Round "1"]
[White "Kokoryukin, Sergey"]
[Black "Wosch, Arkadiusz Janusz"]
[Result "0-1"]
[WhiteElo "1920"]
[BlackElo "2205"]
[PlyCount "102"]
[EventDate "2013.??.??"]
[EventType "match (rapid)"]
[EventRounds "2"]
[SourceTitle "Corr 2022"]
[Source "ChessBase"]
[SourceDate "2021.10.24"]
[SourceVersion "1"]
[SourceVersionDate "2021.10.24"]
[SourceQuality "1"]

1. Nf3 Nf6 2. c4 g6 3. Nc3 Bg7 4. e4 d6 5. d4 0-0 6. Be2 e5 7. 0-0 Nc6 8. d5 Ne7 9. Ne1 Nd7 10. Be3 f5 11. f3 f4 12. Bf2 g5 13. Nd3 Nf6 14. c5 Ng6 15. Rc1 Rf7 16. a4 Bf8 17. a5 h5 18. Nb5 a6 19. Na3 g4 20. Nc4 Bd7 21. cxd6 Bxd6 22. Re1 Rg7 23. Kh1 Kh8 24. Rg1 Rb8 25. Nxd6 cxd6 26. Bb6 Qe7 27. Qd2 g3 28. h3 Nh7 29. Rc7 Qh4 30. Rxd7 Rxd7 31. Rc1 Kg7 32. Qb4 Rf8 33. Qa4 Qe7 34. b4 Qe8 35. Nb2 Rdf7 36. b5 axb5 37. Bxb5 Qe7 38. Bf1 Ng5 39. a6 bxa6 40. Nc4 Rb8 41. Qxa6 Nh4 42. Qa3 Kh7 43. Bg1 Rg7 44. Qxd6 Qxd6 45. Nxd6 Ngxf3 46. gxf3 Rb2 47. Nf5 g2+ 48. Bxg2 Nxf5 49. exf5 Rgxg2 50. Bb6 Rh2+ 51. Kg1 Rhg2+ 0-1

[Event "FICGS rapid silver 000129 email"]
[Site "FICGS email"]
[Date "2013.07.05"]
[Round "2"]
[White "Wosch, Arkadiusz Janusz"]
[Black "Kokoryukin, Sergey"]
[Result "0-1"]
[WhiteElo "2205"]
[BlackElo "1920"]
[PlyCount "86"]
[EventDate "2013.??.??"]
[EventType "match (rapid)"]
[EventRounds "2"]
[SourceTitle "Corr 2022"]
[Source "ChessBase"]
[SourceDate "2021.10.24"]
[SourceVersion "1"]
[SourceVersionDate "2021.10.24"]
[SourceQuality "1"]

1. e4 c5 2. Nf3 d6 3. d4 cxd4 4. Nxd4 Nf6 5. Nc3 a6 6. Be3 e6 7. f3 b5 8. Qd2 Nbd7 9. g4 b4 10. Nce2 h6 11. 0-0-0 Qc7 12. h4 d5 13. exd5 Nxd5 14. Nf4 N7b6 15. Kb1 Bc5 16. Nxd5 Nxd5 17. Bc4 Bb7 18. Bxd5 Bxd5 19. c4 bxc3 20. Qxc3 Rc8 21. Nf5 Bxe3 22. Nxg7+ Kf8 23. Nxe6+ fxe6 24. Qxh8+ Kf7 25. Qh7+ Kf6 26. Qxc7 Rxc7 27. Rd3 Bb6 28. b3 Ke5 29. Rf1 Kf4 30. Kb2 Bc5 31. Rh1 Be7 32. Rh3 Bf6+ 33. Kb1 Rc3 34. Rxc3 Bxc3 35. g5 Bg7 36. Rh2 Bxf3 37. Kc2 e5 38. gxh6 Bxh6 39. Rd2 Kg3 40. Rd6 Bf4 41. Rg6+ Bg4 42. b4 e4 43. Kc3 Kf3 0-1

[Event "FICGS W-ch st1 gN 01 email"]
[Site "FICGS email"]
[Date "2012.11.01"]
[Round "1"]
[White "Kuhne, Detlev"]
[Black "Kokoryukin, Sergey"]
[Result "1-0"]
[WhiteElo "2219"]
[BlackElo "2181"]
[PlyCount "39"]
[EventDate "2012.??.??"]
[EventType "tourn (corr)"]
[EventRounds "6"]
[SourceTitle "Corr 2022"]
[Source "ChessBase"]
[SourceDate "2021.10.24"]
[SourceVersion "1"]
[SourceVersionDate "2021.10.24"]
[SourceQuality "1"]

1. e4 g6 2. d4 Bg7 3. Nc3 d6 4. f4 a6 5. Nf3 b5 6. Bd3 Nd7 7. e5 Nh6 8. 0-0 0-0 9. a4 b4 10. Ne4 a5 11. Qe2 Nb6 12. c3 bxc3 13. bxc3 Bd7 14. c4 Bg4 15. Nf2 Bh5 16. Rd1 e6 17. Be4 d5 18. cxd5 Nxd5 19. Ba3 Re8 20. Qd2 1-0

[Event "FICGS rapid M 000056 email"]
[Site "FICGS email"]
[Date "2012.08.07"]
[Round "1"]
[White "Dineen, Thomas"]
[Black "Kokoryukin, Sergey"]
[Result "1/2-1/2"]
[WhiteElo "2162"]
[BlackElo "2203"]
[PlyCount "81"]
[EventDate "2012.??.??"]
[EventType "tourn (rapid)"]
[EventRounds "6"]
[SourceTitle "Corr 2022"]
[Source "ChessBase"]
[SourceDate "2021.10.24"]
[SourceVersion "1"]
[SourceVersionDate "2021.10.24"]
[SourceQuality "1"]

1. d4 Nf6 2. c4 e6 3. Nf3 b6 4. g3 Ba6 5. Qa4 Be7 6. Bg2 Bb7 7. 0-0 c5 8. dxc5 bxc5 9. Nc3 0-0 10. Rd1 Qb6 11. Bf4 d6 12. Rab1 Nbd7 13. b4 Rfb8 14. a3 h6 15. Qc2 g5 16. Bd2 cxb4 17. axb4 Rc8 18. c5 Qc7 19. cxd6 Bxd6 20. Qb2 Bf8 21. Rbc1 Qd8 22. b5 a6 23. bxa6 Bxa6 24. Nd4 Rab8 25. Qa2 Bc4 26. Qa1 Nc5 27. Be1 Qe8 28. Rb1 e5 29. Rxb8 Rxb8 30. Nf5 Bb3 31. Rb1 Be6 32. Rxb8 Qxb8 33. Ne3 Nb3 34. Qb2 Bb4 35. Qb1 Qd8 36. Nf5 h5 37. h3 Ba5 38. e3 g4 39. h4 Kf8 40. Qc2 Nd7 41. Qe4 1/2-1/2

[Event "FICGS rapid M 000056 email"]
[Site "FICGS email"]
[Date "2012.08.07"]
[Round "1"]
[White "Kokoryukin, Sergey"]
[Black "Fabris, Alberto"]
[Result "1-0"]
[WhiteElo "2203"]
[BlackElo "2227"]
[PlyCount "71"]
[EventDate "2012.??.??"]
[EventType "tourn (rapid)"]
[EventRounds "6"]
[SourceTitle "Corr 2022"]
[Source "ChessBase"]
[SourceDate "2021.10.24"]
[SourceVersion "1"]
[SourceVersionDate "2021.10.24"]
[SourceQuality "1"]

1. d4 d5 2. c4 c6 3. Nf3 e6 4. Nc3 dxc4 5. g3 b5 6. Bg2 Bb7 7. a4 a6 8. 0-0 Nd7 9. Ne5 Qc8 10. Ne4 Ngf6 11. Ng5 Nxe5 12. dxe5 Nd7 13. Ne4 Qc7 14. Bf4 Be7 15. Nd6+ Bxd6 16. exd6 Qc8 17. e4 0-0 18. Qg4 Kh8 19. Qh5 c5 20. Rfd1 Bc6 21. Qe2 Qb7 22. f3 Rfe8 23. Rd2 f5 24. Qe3 fxe4 25. fxe4 Rab8 26. a5 Rbc8 27. h4 Rf8 28. h5 Rf7 29. h6 e5 30. Bg5 gxh6 31. Be7 Rg8 32. Bh3 b4 33. Rf2 Rfg7 34. Bxd7 Qxd7 35. Bf6 Qg4 36. Raf1 1-0

[Event "FICGS rapid silver 000092 email"]
[Site "FICGS email"]
[Date "2012.07.28"]
[Round "1"]
[White "Kokoryukin, Sergey"]
[Black "Perikov, Yuriy"]
[Result "0-1"]
[WhiteElo "2161"]
[BlackElo "2197"]
[PlyCount "80"]
[EventDate "2012.??.??"]
[EventType "match (rapid)"]
[EventRounds "2"]
[SourceTitle "Corr 2022"]
[Source "ChessBase"]
[SourceDate "2021.10.24"]
[SourceVersion "1"]
[SourceVersionDate "2021.10.24"]
[SourceQuality "1"]

1. d4 d5 2. c4 c6 3. Nf3 Nf6 4. Nc3 dxc4 5. e4 b5 6. e5 Nd5 7. a4 e6 8. Ng5 Be7 9. h4 h6 10. Nge4 b4 11. Nb1 Ba6 12. Rh3 c5 13. Qg4 Nc6 14. Qxg7 Kd7 15. Qxf7 Nxd4 16. Nxc5+ Kc8 17. Nxa6 Nc2+ 18. Ke2 Qb6 19. Kd1 Nxa1 20. Bxc4 Rf8 21. Qg6 Kb7 22. Qe4 Rac8 23. b3 Qc6 24. Bxh6 Rxf2 25. Ke1 Ra2 26. Nd2 Nc2+ 27. Kf2 Na3 28. Be2 Nc3 29. Qxc6+ Rxc6 30. Bd3 Nab1 31. Ke1 Nxd2 32. Bxd2 Rxa6 33. Bxa6+ Kxa6 34. h5 Bc5 35. Bc1 Ra1 36. Kd2 Ne4+ 37. Kc2 Ra2+ 38. Bb2 Bd4 39. Rh4 Rxb2+ 40. Kd3 Bb6 0-1

[Event "FICGS W-ch st2 g02 email"]
[Site "FICGS email"]
[Date "2012.01.12"]
[Round "1"]
[White "Gray, Garvin"]
[Black "Kokoryukin, Sergey"]
[Result "1/2-1/2"]
[WhiteElo "2201"]
[BlackElo "2174"]
[PlyCount "83"]
[EventDate "2012.??.??"]
[EventType "tourn (corr)"]
[EventRounds "8"]
[SourceTitle "Corr 2022"]
[Source "ChessBase"]
[SourceDate "2021.10.24"]
[SourceVersion "1"]
[SourceVersionDate "2021.10.24"]
[SourceQuality "1"]

1. e4 c5 2. Nf3 d6 3. d4 cxd4 4. Nxd4 Nf6 5. Nc3 a6 6. Be3 e5 7. Nf3 Be7 8. Bc4 0-0 9. 0-0 Be6 10. Bxe6 fxe6 11. Na4 Ng4 12. Qd3 b5 13. Nb6 Nxe3 14. Qxe3 Ra7 15. Nd5 Rb7 16. Qd2 Qd7 17. Nxe7+ Qxe7 18. Rfd1 Rb6 19. a4 bxa4 20. Rxa4 Rxb2 21. Rb4 Rxb4 22. Qxb4 Nc6 23. Qb6 Qd7 24. Qxa6 h6 25. h4 Rd8 26. c3 Kh7 27. Qe2 Qe7 28. Qd3 Qd7 29. Qb5 Rb8 30. Qe2 Qc7 31. Qc4 Qd7 32. Qa6 Rd8 33. Qe2 Qe7 34. Qb5 Qc7 35. Qc4 Qd7 36. h5 Qe8 37. Rb1 d5 38. exd5 exd5 39. Qg4 Qd7 40. Qg6+ Kg8 41. Nh4 Ne7 42. Qa6 1/2-1/2

[Event "FICGS W-ch st1 gN 03 email"]
[Site "FICGS email"]
[Date "2012.01.01"]
[Round "1"]
[White "Gazi, Miroslav"]
[Black "Kokoryukin, Sergey"]
[Result "0-1"]
[WhiteElo "2271"]
[BlackElo "2174"]
[PlyCount "176"]
[EventDate "2012.??.??"]
[EventType "tourn (corr)"]
[EventRounds "6"]
[SourceTitle "Corr 2022"]
[Source "ChessBase"]
[SourceDate "2021.10.24"]
[SourceVersion "1"]
[SourceVersionDate "2021.10.24"]
[SourceQuality "1"]

1. d4 Nf6 2. Bg5 d5 3. Bxf6 exf6 4. e3 Be6 5. g3 Bd6 6. Bg2 c6 7. Ne2 0-0 8. 0-0 Nd7 9. Qd3 Nb6 10. Nd2 Re8 11. Nf4 Bxf4 12. exf4 g6 13. Rfe1 Nc8 14. Nf1 Nd6 15. Ne3 Kg7 16. a4 a5 17. Qa3 Nf5 18. Qc5 Nxe3 19. Rxe3 Bf5 20. Rxe8 Qxe8 21. Bf1 h6 22. Rc1 Qe6 23. Qc3 h5 24. h4 Qe7 25. Qc5 Qc7 26. Re1 b6 27. Qc3 c5 28. Bd3 Bd7 29. dxc5 bxc5 30. f5 gxf5 31. Bb5 Be6 32. Qf3 Rh8 33. Kg2 Rd8 34. Qxh5 c4 35. Qe2 d4 36. Kh2 f4 37. Qf3 fxg3+ 38. fxg3 d3 39. cxd3 Rxd3 40. Re3 Rb3 41. Qf2 Rb4 42. Qd2 Qc5 43. Re2 Qf5 44. g4 Qh7 45. h5 Bxg4 46. Rg2 Qxh5+ 47. Kg1 Qc5+ 48. Kh1 c3 49. Qxc3 Qd5 50. Kg1 Qd1+ 51. Kh2 Qd6+ 52. Kg1 Kf8 53. Rd2 Qb6+ 54. Kh2 Qb8+ 55. Kg1 Qa7+ 56. Kh1 Qe7 57. Rg2 Qe5 58. Kg1 Be6 59. Re2 Rg4+ 60. Rg2 Qxc3 61. bxc3 f5 62. Kf2 Rxg2+ 63. Kxg2 Ke7 64. Kf2 Kd6 65. Ke3 Ke5 66. Kf3 Bd5+ 67. Ke3 f4+ 68. Kd3 Be4+ 69. Ke2 Kd6 70. Be8 Bc6 71. Bxf7 Bxa4 72. Kd2 Ke5 73. Kd3 f3 74. Ke3 Bd1 75. Bc4 a4 76. Ba2 Bb3 77. Bb1 Bd5 78. Bd3 a3 79. Bb1 Kd6 80. c4 Bxc4 81. Kxf3 Kc5 82. Ke3 Kb4 83. Kd2 Kb3 84. Kc1 Kc3 85. Kd1 Kb2 86. Bf5 a2 87. Kd2 a1Q 88. Ke3 Qc1+ 0-1

[Event "FICGS W-ch st1 gN 03 email"]
[Site "FICGS email"]
[Date "2012.01.01"]
[Round "1"]
[White "Kokoryukin, Sergey"]
[Black "Fraczek, Dariusz"]
[Result "1/2-1/2"]
[WhiteElo "2174"]
[BlackElo "2261"]
[PlyCount "45"]
[EventDate "2012.??.??"]
[EventType "tourn (corr)"]
[EventRounds "6"]
[SourceTitle "Corr 2022"]
[Source "ChessBase"]
[SourceDate "2021.10.24"]
[SourceVersion "1"]
[SourceVersionDate "2021.10.24"]
[SourceQuality "1"]

1. d4 Nf6 2. c4 g6 3. Nc3 d5 4. Nf3 Bg7 5. cxd5 Nxd5 6. e4 Nxc3 7. bxc3 c5 8. Rb1 0-0 9. Be2 Nc6 10. d5 Ne5 11. Nxe5 Bxe5 12. Qd2 e6 13. f4 Bc7 14. 0-0 exd5 15. exd5 Ba5 16. d6 Rb8 17. Ba3 Bf5 18. Rbd1 Qf6 19. Bxc5 Bxc3 20. Bd4 Bxd4+ 21. Qxd4 Qxd4+ 22. Rxd4 Rfc8 23. Re1 1/2-1/2

[Event "FICGS class M 000052 email"]
[Site "FICGS email"]
[Date "2011.11.13"]
[Round "1"]
[White "Kokoryukin, Sergey"]
[Black "Gazi, Miroslav"]
[Result "1/2-1/2"]
[WhiteElo "2251"]
[BlackElo "2255"]
[PlyCount "77"]
[EventDate "2011.??.??"]
[EventType "tourn (corr)"]
[EventRounds "2"]
[SourceTitle "Corr 2022"]
[Source "ChessBase"]
[SourceDate "2021.10.24"]
[SourceVersion "1"]
[SourceVersionDate "2021.10.24"]
[SourceQuality "1"]

1. d4 Nf6 2. c4 e6 3. Nc3 Bb4 4. Qc2 0-0 5. a3 Bxc3+ 6. Qxc3 b6 7. Bg5 Bb7 8. e3 d6 9. Nf3 Nbd7 10. Bd3 c5 11. 0-0 Rc8 12. Nd2 h6 13. Bh4 Re8 14. f3 d5 15. a4 Ba6 16. b3 dxc4 17. bxc4 cxd4 18. exd4 e5 19. dxe5 Nxe5 20. Bf5 Rc6 21. Rfe1 g5 22. Bg3 Nd5 23. Qc2 Nxc4 24. Be4 Qf6 25. Nxc4 Rxc4 26. Qf2 Nf4 27. a5 Rb4 28. axb6 Rxb6 29. Bxf4 gxf4 30. Kh1 Bb7 31. Bxb7 Rxe1+ 32. Qxe1 Rxb7 33. h3 Re7 34. Qc1 Qd4 35. Qc8+ Kg7 36. Qg4+ Kf8 37. Rc1 a5 38. Rc8+ Re8 39. Rxe8+ 1/2-1/2

[Event "FICGS class M 000052 email"]
[Site "FICGS email"]
[Date "2011.11.13"]
[Round "1"]
[White "Kokoryukin, Sergey"]
[Black "Nadanian, Ashot"]
[Result "1/2-1/2"]
[WhiteElo "2251"]
[BlackElo "2210"]
[PlyCount "45"]
[EventDate "2011.??.??"]
[EventType "tourn (corr)"]
[EventRounds "2"]
[SourceTitle "Corr 2022"]
[Source "ChessBase"]
[SourceDate "2021.10.24"]
[SourceVersion "1"]
[SourceVersionDate "2021.10.24"]
[SourceQuality "1"]

1. d4 d5 2. c4 e6 3. Nc3 Be7 4. Nf3 Nf6 5. Bg5 h6 6. Bxf6 Bxf6 7. e3 0-0 8. Rc1 c6 9. h3 Nd7 10. cxd5 exd5 11. Bd3 Re8 12. 0-0 Be7 13. Re1 Bd6 14. e4 dxe4 15. Nxe4 Nf8 16. Qb3 Re7 17. Nxd6 Qxd6 18. Rxe7 Qxe7 19. d5 cxd5 20. Qxd5 Be6 21. Qe5 Rd8 22. Be4 Qd6 23. Qxd6 1/2-1/2

[Event "FICGS class M 000049 email"]
[Site "FICGS email"]
[Date "2011.09.06"]
[Round "1"]
[White "Bleker, Frits"]
[Black "Kokoryukin, Sergey"]
[Result "1-0"]
[WhiteElo "2243"]
[BlackElo "2250"]
[PlyCount "71"]
[EventDate "2011.??.??"]
[EventType "tourn (corr)"]
[EventRounds "1"]
[SourceTitle "Corr 2022"]
[Source "ChessBase"]
[SourceDate "2021.10.24"]
[SourceVersion "1"]
[SourceVersionDate "2021.10.24"]
[SourceQuality "1"]

1. e4 c5 2. Nf3 d6 3. d4 cxd4 4. Nxd4 Nf6 5. Nc3 a6 6. Be3 e5 7. Nb3 Be6 8. f3 Be7 9. Qd2 0-0 10. 0-0-0 Nbd7 11. g4 b5 12. g5 b4 13. Ne2 Ne8 14. f4 a5 15. f5 Bxb3 16. cxb3 a4 17. bxa4 Rxa4 18. Kb1 Rxa2 19. Nc1 Ra8 20. Bc4 Qa5 21. Na2 Nc5 22. Qxb4 Qxb4 23. Nxb4 Nxe4 24. g6 Kh8 25. gxf7 N8f6 26. Nd5 Ng4 27. Rhe1 Bd8 28. Nb6 Bxb6 29. Bxb6 Ngf6 30. Be6 g5 31. Bc7 Ra6 32. Rd3 Kg7 33. Rc1 g4 34. b4 Ra4 35. Ba5 d5 36. Kb2 1-0

[Event "FICGS class M 000049 email"]
[Site "FICGS email"]
[Date "2011.09.06"]
[Round "1"]
[White "Kokoryukin, Sergey"]
[Black "Burden, Don"]
[Result "1/2-1/2"]
[WhiteElo "2250"]
[BlackElo "2194"]
[PlyCount "43"]
[EventDate "2011.??.??"]
[EventType "tourn (corr)"]
[EventRounds "1"]
[SourceTitle "Corr 2022"]
[Source "ChessBase"]
[SourceDate "2021.10.24"]
[SourceVersion "1"]
[SourceVersionDate "2021.10.24"]
[SourceQuality "1"]

1. d4 Nf6 2. c4 e6 3. Nc3 Bb4 4. Qc2 0-0 5. a3 Bxc3+ 6. Qxc3 b6 7. Bg5 Bb7 8. e3 d6 9. Nf3 Nbd7 10. Bd3 c5 11. 0-0 h6 12. Bh4 Rc8 13. Nd2 d5 14. cxd5 cxd4 15. Qxd4 e5 16. Bxf6 Nxf6 17. Qxe5 Bxd5 18. Qd4 Rc6 19. Rad1 Bxg2 20. Qxd8 Rxd8 21. Kxg2 Rxd3 22. Nf3 1/2-1/2

[Event "FICGS class M 000048 email"]
[Site "FICGS email"]
[Date "2011.08.15"]
[Round "1"]
[White "Kokoryukin, Sergey"]
[Black "Gazi, Miroslav"]
[Result "0-1"]
[WhiteElo "2242"]
[BlackElo "2234"]
[PlyCount "30"]
[EventDate "2011.??.??"]
[EventType "tourn (corr)"]
[SourceTitle "Corr 2022"]
[Source "ChessBase"]
[SourceDate "2021.10.24"]
[SourceVersion "1"]
[SourceVersionDate "2021.10.24"]
[SourceQuality "1"]

1. d4 Nf6 2. c4 e6 3. Nc3 Bb4 4. Qc2 0-0 5. e4 Bxc3+ 6. bxc3 d6 7. e5 dxe5 8. dxe5 Nfd7 9. Nf3 h6 10. Be2 c5 11. 0-0 Nc6 12. Bf4 Qc7 13. Rad1 b6 14. Rd3 f5 15. Rfd1 Rf7 0-1

[Event "FICGS rapid silver 000067 email"]
[Site "FICGS email"]
[Date "2011.08.11"]
[Round "1"]
[White "Bernal Varela, Nelson"]
[Black "Kokoryukin, Sergey"]
[Result "1/2-1/2"]
[WhiteElo "2206"]
[BlackElo "2242"]
[PlyCount "70"]
[EventDate "2011.??.??"]
[EventType "match (rapid)"]
[EventRounds "2"]
[SourceTitle "Corr 2013"]
[Source "ChessBase"]
[SourceDate "2012.11.12"]
[SourceVersion "1"]
[SourceVersionDate "2012.11.12"]
[SourceQuality "1"]

1. e4 c5 2. Nf3 d6 3. d4 cxd4 4. Nxd4 Nf6 5. Nc3 a6 6. Bg5 e6 7. Be2 Nbd7 8. a4 h6 9. Be3 b6 10. f4 Bb7 11. 0-0 Qc7 12. Bd3 Be7 13. Qf3 0-0 14. g4 g6 15. Qg2 e5 16. Nb3 exf4 17. Bxf4 g5 18. Be3 Ne5 19. a5 b5 20. Bb6 Qd7 21. Nd4 Rfe8 22. Nf5 Bf8 23. h4 Re6 24. Nd5 Nfxg4 25. Bd4 h5 26. hxg5 Rg6 27. Nh4 Rg7 28. Nf5 Bxd5 29. Nxg7 Bxg7 30. Bxe5 Bxe5 31. exd5 Ne3 32. Qf3 Nxf1 33. Rxf1 Qg4+ 34. Qxg4 hxg4 35. b4 Rc8 1/2-1/2

[Event "FICGS rapid silver 000067 email"]
[Site "FICGS email"]
[Date "2011.08.11"]
[Round "2"]
[White "Kokoryukin, Sergey"]
[Black "Bernal Varela, Nelson"]
[Result "1-0"]
[WhiteElo "2242"]
[BlackElo "2206"]
[PlyCount "79"]
[EventDate "2011.??.??"]
[EventType "match (rapid)"]
[EventRounds "2"]
[SourceTitle "Corr 2013"]
[Source "ChessBase"]
[SourceDate "2012.11.12"]
[SourceVersion "1"]
[SourceVersionDate "2012.11.12"]
[SourceQuality "1"]

1. d4 Nf6 2. c4 g6 3. Nc3 d5 4. Nf3 Bg7 5. cxd5 Nxd5 6. e4 Nxc3 7. bxc3 c5 8. Rb1 0-0 9. Be2 Nc6 10. d5 Ne5 11. Nxe5 Bxe5 12. Qd2 Qa5 13. Rb3 Rd8 14. h4 h5 15. 0-0 Bg7 16. Qg5 Bf6 17. Qe3 Qc7 18. c4 e6 19. Bb2 Bxb2 20. Rxb2 exd5 21. cxd5 b6 22. Bc4 Qe5 23. Rd2 Re8 24. d6 Bd7 25. Bd5 Rad8 26. f4 Qf6 27. Qa3 Kg7 28. e5 Qxh4 29. Rdf2 a5 30. Qb3 b5 31. Qc3 Kg8 32. Rf3 Bf5 33. Qxc5 Bg4 34. Qc2 Kg7 35. Ra3 a4 36. Qb2 Rb8 37. Qd4 Bf5 38. Rc3 Rec8 39. Rxc8 Rxc8 40. Qa7 1-0

[Event "FICGS W-ch st2 g05 email"]
[Site "FICGS email"]
[Date "2011.04.03"]
[Round "1"]
[White "Kokoryukin, Sergey"]
[Black "Legrand, Stephane"]
[Result "1/2-1/2"]
[WhiteElo "2093"]
[BlackElo "2173"]
[PlyCount "97"]
[EventDate "2011.??.??"]
[EventType "tourn (corr)"]
[EventRounds "6"]
[SourceTitle "Corr 2013"]
[Source "ChessBase"]
[SourceDate "2012.11.12"]
[SourceVersion "1"]
[SourceVersionDate "2012.11.12"]
[SourceQuality "1"]

1. d4 d5 2. c4 c6 3. Nf3 Nf6 4. e3 e6 5. Nc3 Nbd7 6. Qc2 Bd6 7. Bd3 0-0 8. 0-0 dxc4 9. Bxc4 b5 10. Bd3 Bb7 11. a3 a6 12. Ng5 Bxh2+ 13. Kxh2 Ng4+ 14. Kg1 Qxg5 15. f3 Ngf6 16. e4 Qh4 17. Ne2 e5 18. Be3 exd4 19. Nxd4 g6 20. Qd2 Nh5 21. Bg5 Qg3 22. Rad1 c5 23. Ne2 Qe5 24. g4 Nhf6 25. Bb1 Rfd8 26. Bf4 Qe6 27. Bc7 Rdc8 28. Nf4 Qe8 29. Bd6 Nb6 30. b3 c4 31. e5 c3 32. Qh2 Nfd5 33. Be4 c2 34. Rc1 Qd7 35. Bxc2 Nxf4 36. Qxf4 Rc6 37. Qh6 Rac8 38. Rfd1 Nd5 39. Rxd5 Rxc2 40. Bf8 Rxc1+ 41. Kh2 R1c2+ 42. Kh3 Qxg4+ 43. Kxg4 Rxf8 44. Rd2 Rc3 45. e6 Bc8 46. Rh2 Bxe6+ 47. Kg3 Rfc8 48. Qxh7+ Kf8 49. Qh6+ 1/2-1/2